Poesia '97 : annuario /

সংরক্ষণ করুন:
গ্রন্থ-পঞ্জীর বিবরন
অন্যান্য লেখক: Manacorda, Giorgio
বিন্যাস: গ্রন্থ
ভাষা:ইতালিয়
প্রকাশিত: Roma : Castelvecchi, 1998
মালা:Contatti ; 131
বিষয়গুলি:
ট্যাগগুলো: ট্যাগ যুক্ত করুন
কোনো ট্যাগ নেই, প্রথমজন হিসাবে ট্যাগ করুন!

MARC

LEADER 00000nam a22000007i 4500
001 IT\ICCU\TO0\0628799
003 ItRI
005 20260115231940.0
008 980521s1998 it |||||| ||||| |||||c
020 |a 8882100707 
040 |b ita  |c importazione bologna sebina 
041 7 |a ita  |2 ISO-639-2 
082 |a 808.1  |9 RETORICA DELLA POESIA  |2 21 
245 0 0 |a Poesia '97 :  |b annuario /  |c a cura di Giorgio Manacorda. 
260 |a Roma :  |b Castelvecchi,  |c 1998 
300 |a 189 p. ;  |c 19 cm. 
650 7 |a Poesia  |x Critica 
700 1 |a Manacorda, Giorgio  |0 IT\ICCU\CFIV\050956 
830 0 |a Contatti ;  |v 131  |0 IT\ICCU\LO1\0306192 
942 |2 ddc  |c BK  |n 0 
952 |0 0  |1 0  |4 0  |6 DOC_851_914000000000000_MAN  |7 0  |9 17541  |a BO  |b BO  |d 2026-01-15  |i 5379  |l 0  |o DOC 851.914 MAN  |p BO5379  |r 2026-01-15 23:19:40  |w 2026-01-15  |x [Sebina 5] [1 v.]  |y BK  |z 1 v. 
999 |c 14960  |d 14960